Statistics for Guess The Brand By the Logo 63

Click here to take the quiz!

General Stats

  • This quiz has been taken 8 times
  • The average score is 14 of 16

Answer Stats

Answer% Correct
Amazon
100%
Apple
100%
BMW
100%
KFC
100%
MonsteR
100%
Pinterest
100%
Pizza Hut
100%
PS4
100%
Target
100%
Pepsi
86%
Pringles
86%
Jetpunk
71%
Krispy Kreme Doughnuts
71%
English Premier League
57%
Nescafe
57%
Samuel L Jackson
57%

Score Distribution

Percentile by Number Answered

Percent of People with Each Score

Your Score History

You have not taken this quiz